TCM Quizz - Estadísticas

Estadísticas generales
  • Esta prueba ha sido intentada 10 veces
    4 desde el último reinicio
  • La puntuación promedio es 5 de 18
Estadísticas de respuestas
Preguntas Responde % Correcto
Cuanto puntos da ganar una ETAPA en una Carrera WT 35
100%
Ciclsita con mas Podios en GV Tadej Pogacar
100%
Equipo con mas Movimientos de traspasos en la temporada T6 Twitch
100%
Mejor ciclista de la T1 Wout van Aert
100%
Mejor ciclista de la T4 Wout van Aert
50%
Cuantos puntos de sanción acarrea esto: Si un equipo inscribe a un corredor con 80 o mas en un STAT principal (MON,COL,CRI,PAV O SPR) en una carrera .PRO 1
0%
Cuantos equipos distintos han gando la Clasificación General de TCM 2
0%
Cuantos Managers han pasado por TCM 33
0%
Cuantos días de competición tiene un corredor con 78 o mas en una de sus stats 50
0%
Maximo Ganador de la Clasificación General de TCM (Manager) Barbaroja
0%
Mejor Sprinter en la T2 Caleb Ewan
0%
Corredor con Stat mas ALTA en MONTAÑA Egan Bernal
0%
Equipo Con mas Victorias en la T5 Kaiku
0%
Nombre del Unico equipo Finés que ha estado en TCM Nokia
0%
Vuelta .1 que mas veces se ha repetido en TCM O Gran Camiño
0%
Ganador de La Vuelta a España en la T3 Primoz Roglic
0%
Maximo Ganador del Mundial de Crono con 2 Victorias Remco Evenepoel
0%
Ciclista con mas Monumentos Wout van Aert
0%
No se encontraron pruebas coincidentes
Distribución de puntuación
Porcentaje de gente con cada puntuación
Porcentaje por número respondido
Historial de tus puntuaciones
No has intentado esta prueba desde el último reinicio